01112nam a2200253 a 4500001001000000003000900010005001700019008004100036040002500077082002300102245008600125260009200211300003600303500016900339600003900508600003000547600005800577600003200635600004800667650003800715650004000753700003000793710003500823000013426DO-SdBNP20260321073639.0091124s1990 dr ac 001 0 spa d aDO-SdBNPbspacBNPHU a324.97293054bE38d00aElecciones ´90 :bdiscursos pronunciados ante la Cámara Americana de Comercio. aSanto Domingo :bAmerican Chamber of Commerce of the Dominican Republic,c1990.fTaller a137 p. :bil., retrs. ;c23 cm. aDiscursos pronunciados ante la Cámara Americana de Comercio por Froilán J.R. Tavares, Juan Bosch, José F. Peña Gómez, Jacobo Majluta y Joaquín Balaguer.14aTavares, Froilán J.R.xDiscursos10a Bosch, Juan, d1909-200110aPeña Gomez, Jose Francisco ,d1937-1998xDiscursos14aMajluta, Jacobo,xDiscursos10a Balaguer, Joaquín,d1906-2002xDiscursos14aEleccioneszRepúlica Dominicana14aPresidenteszRepública Dominicana12aWilson A., Rood,epról.2 aCámara Americana de Comercio